000 00704cam a2200241 4500
001 B2836
008 090401t1989 xxu||||| |||| 00| 0 eng d
035 _a(Sirsi) u52474
041 _aeng
050 _a690.25
110 _aBuilding Research Establishment
245 _aUnvented domestic hot water storage systems - safety.
260 _aGarston,Watford
_bBuilding Research Establishment
_c1989
300 _a1 sheet : ill. ; 30cm.
350 _a0
490 _aDefect Action Sheet
_v139 (Design)
490 _aDAS
_v139
650 _aHOT WATER SYSTEMS
650 _aUNVENTED HOT WATER STORAGE SYSTEMS
690 _aBUILT ENVIRONMENT-BUILDING PATHOLOGY
942 _n0
948 _c04/03/1997
999 _c93082
_d93082